| 000 | 00727nam a2200265#a 4500 | ||
|---|---|---|---|
| 001 | 01811 | ||
| 003 | HDC | ||
| 007 | ta | ||
| 008 | 230623s2012 xx 000 0 eng d | ||
| 020 | _a9780415618960 (pbk). | ||
| 040 | _aHDC | ||
| 050 |
_aHD38.5 _b .L55 2012 |
||
| 100 |
_aLiu, John J., _d1951-. |
||
| 245 | 0 |
_a Supply chain management and transport logistics / _cJohn J. Liu. |
|
| 264 |
_aMilton Park, Abingdon, Oxon _bRoutledge, _c2012 |
||
| 264 | _aNew York : | ||
| 300 |
_axxv,530p. : _b ill. ; _c 25cm. |
||
| 504 | _aIncludes bibliographical references and index. | ||
| 650 | _aBusiness logistics. | ||
| 650 | _aShipment of goods. | ||
| 942 | _2lcc | ||
| 942 | _cBK | ||
| 942 | _kHD38.5 | ||
| 942 | _m .L55 2012 | ||
| 999 |
_c24257 _d24257 |
||